Tratado de química física en exposición elemental / (Record no. 58836)

MARC details
000 -LEADER
campo de control de longitud fija 00743nam a2200217 i 4500
001 - NÚMERO DE CONTROL
campo de control 58836
003 - IDENTIFICADOR DE NÚMERO DE CONTROL
campo de control ES-MaACL
005 - FECHA Y HORA DE LA ÚLTIMA TRANSACCIÓN
campo de control 20250815112206.0
007 - CAMPO FIJO DE DESCRIPCIÓN FÍSICA--INFORMACIÓN GENERAL
campo de control de longitud fija t|
008 - DATOS DE LONGITUD FIJA--INFORMACIÓN GENERAL
campo de control de longitud fija 031024s1930 sp ||||1| spa d
100 1# - ENTRADA PRINCIPAL--NOMBRE DE PERSONA
Nombre de persona Eggert, John.
9 (RLIN) 46724
245 10 - MENCIÓN DEL TÍTULO
Título Tratado de química física en exposición elemental /
Mención de responsabilidad, etc. por John Eggert ; con la colaboración de Lothar Hock ; traducción de la 2ª edición alemana por J. Palacios y E. Moles.
260 ## - PUBLICACIÓN, DISTRIBUCIÓN, ETC.
Lugar de publicación, distribución, etc. Barcelona :
Nombre del editor, distribuidor, etc. Labor,
Fecha de publicación, distribución, etc. 1930.
300 ## - DESCRIPCIÓN FÍSICA
Extensión XV, 540 p. ;
Dimensiones 24 cm.
650 #7 - PUNTO DE ACCESO ADICIONAL DE MATERIA--TÉRMINO DE MATERIA
Término de materia o nombre geográfico como elemento de entrada Química física
Fuente del encabezamiento o término embne
9 (RLIN) 136798
700 1# - ENTRADA AGREGADA--NOMBRE PERSONAL
Nombre de persona Hock, Lothar.
9 (RLIN) 63879
700 1# - ENTRADA AGREGADA--NOMBRE PERSONAL
Nombre de persona Palacios, J.
9 (RLIN) 192357
700 1# - ENTRADA AGREGADA--NOMBRE PERSONAL
Nombre de persona Moles, Enrique (
Fechas asociadas al nombre 1883-1953)
9 (RLIN) 81864
852 ## - LOCALIZACIÓN
Ubicación ES-MaACL
Número de control de estantería A-56
Holdings
Estatus retirado Estado de pérdida Estado de daño No para préstamo Biblioteca de origen Biblioteca actual Ubicación en estantería Fecha de adquisición Fuente de adquisición Total de préstamos Signatura topográfica completa Código de barras Visto por última vez Precio de reemplazo Tipo de ítem Koha
        Biblioteca del Ateneo de Madrid Biblioteca del Ateneo de Madrid Sala Pecera Planta 1 17/01/2008     A-56 1061722 23/02/2023 23/02/2023 Libro impreso